What Team Do They Play For? #2 - Statistics

General Stats
  • This quiz has been taken 9 times
  • The average score is 4 of 10
Answer Stats
Question Answer % Correct
Edin Dzeko Schalke
56%
Raheem Sterling Feyenoord
44%
Olivier Giroud Lille
44%
Amine Gouiri Olympique Marseille
44%
Sheraldo Becker Osasuna
44%
Davide Calabria Panathinaikos
44%
Ciro Immobile Paris FC
44%
Arnaut Danjuma Valencia
44%
Ruslan Malinovskyi Genoa
33%
Jesse Lingard Without club
33%
No matching quizzes found
Score Distribution
Percent of People with Each Score
Percentile by Number Answered
Your Score History
You have not taken this quiz